=LDR 00000nam 2200000 4500 =001 INLIS000000000039344 =005 20210210093547 =035 ##$$a 0010-061300000039344 =008 210210###########################0#ind## =041 ##$$a ind =082 ##$$a 338.04 =100 ##$$a sunarya, PO Abas =245 1#$$a Kewirausahaan : membahas pengelolaan dan pengembangan entrepreneurship =260 ##$:$b 343 hlm =850 ##$$a NBPNMAT =990 ##$$a 21109013 =990 ##$$a 91186/BPAP-NTB/2014